00916nam a2200265Ia 450000100060000000300090000600800410001504000130005604000130006904100120008210000170009410000290011124500880014024500580022825000110028626000110029726000220030826000490033030000590037950001130043865000190055165000310057070000210060170000280062219937IT-RoPAU130308s9999 xx 000 0 und d aIT-RoPAU cIT-RoPAU aINGLESE aScott Donald gCodice Aut. SPICS: 4727 aDevelopment of Early Musical Talent in Famous Composers (The)-A Biographical Review bMusic And The Brain-Studies in The Neurology Of Music a1a ed. aLONDON bHeinemann William c1980 [1° Ed.:1977 - Ed.Ling.Originale:1977] a"28 p. (prefazione: no ; testo: 28 [pagine: 174-201])" aSviluppo precoce dei Talenti Musicali in Famosi Compositori Note biografiche di Mozart Beethoven Handel Bach aSAGGI MUSICALI eCodice materia Spics: 7011 aMoffett Adrienne gCodice Aut. SPICS: 4734